仏教(日本仏教の手前まで) - Statistics

General Stats
  • This quiz has been taken 10 times
  • The average score is 13 of 34
Answer Stats
Hint Answer % Correct
1
71%
2 輪廻
57%
ネパールの部族国家の王子 ガウタマ・シッダールタ
57%
人生の基本的な四苦 生老病死
57%
もう四つの苦しみ1 愛別離苦
57%
すべての事物は永遠ではない 諸行無常
57%
執着を断とう 涅槃寂静
57%
執着を克服するための4つの認識 四諦
57%
釈迦の死後、〜と 大乗仏教
57%
〜に分裂 小乗仏教
57%
3といった思想はインド文化の基礎に 解脱
43%
2 怨憎会苦
43%
3 求不得苦
43%
4 五蘊盛苦
43%
永遠の実態を持つものはない 諸法無我
43%
永遠でないものに執着するとまずい 一切皆苦
43%
その原因は執着 集諦
43%
そのために正しく実践 道諦
43%
8つの修行 八正道
43%
(こっから大乗仏教) みんなにある、仏になる素質 一切衆生悉有仏性
43%
新しい思想仏教史用語で 六師外道
29%
正しい世界認識 四法印
29%
この世は苦だらけ 苦諦
29%
執着を滅するといい 滅諦
29%
↑は今は〜と呼ぶ 上座仏教
29%
他者をおもう〜の心がだいじ 慈悲
29%
全ては自分の幻想 唯識
29%
菩薩が実践すべき6大項目 六波羅蜜
29%
宇宙の根本の仏 大日如来
29%
永遠の実態はない〜の思想
14%
他仏思想で、西方極楽浄土の仏 阿弥陀仏
14%
仏になる可能性 仏性
14%
インドの民間信仰を吸収し、〜が誕生 密教
14%
↑の逆 顕教
14%
No matching quizzes found
Score Distribution
Percent of People with Each Score
Percentile by Number Answered
Your Score History
You have not taken this quiz